[Event "Titled Tuesday intern op 20th Aug Early"]
[Site "Chess.com INT"]
[Date "2024.08.20"]
[Round "10"]
[White "Manmay, Chopra"]
[Black "Valle Luis, Leo"]
[Result "1-0"]
[WhiteElo "2152"]
[BlackElo "2263"]
[PlyCount "97"]
[EventDate "2024.08.20"]
[EventType "swiss (blitz)"]
[EventRounds "11"]
[EventCountry "USA"]
[SourceTitle "EXT 2025"]
[Source "ChessBase"]
[SourceDate "2024.10.14"]
[SourceVersion "1"]
[SourceVersionDate "2024.10.14"]
[SourceQuality "1"]

1. d4 d5 2. Nf3 e6 3. Bf4 Nf6 4. e3 b6 5. Nbd2 Bb7 6. Bd3 Nbd7 7. h3 c5 8. c3 h6 9. Ne5 a6 10. 0-0 Nxe5 11. Bxe5 Nd7 12. Bg3 Be7 13. f4 0-0 14. Nf3 f5 15. Qe1 Rc8 16. a4 a5 17. Bb5 Nf6 18. Ne5 Qc7 19. Bh4 Rfd8 20. Bd3 Nh7 21. g4 Rf8 22. Ng6 Bxh4 23. Qxh4 Rf6 24. Ne5 Rff8 25. g5 Qd8 26. Nf3 Rc7 27. Kh2 hxg5 28. Nxg5 Nxg5 29. fxg5 g6 30. Qf4 Rh7 31. Rg1 Qc7 32. Bb5 Rc8 33. Rae1 Kf7 34. Kg3 Bc6 35. Qxc7+ Rxc7 36. Bxc6 Rxc6 37. Rh1 e5 38. h4 cxd4 39. exd4 e4 40. Kf4 Rh5 41. Ke5 Re6+ 42. Kxd5 e3 43. Kc4 e2 44. Kd3 f4 45. Rxe2 Rxe2 46. Kxe2 Ke6 47. Kf3 Kf5 48. Re1 Rxh4 49. Re5# 1-0